Classifica Marcatori Sassuolo All-Time - Statistics

Statistiche generali
  • Questo quiz è stato fatto 36 volte
  • Il punteggio medio è 3 su 10
Statistiche sulle risposte
Gol Nazione Calciatore % Corretto
142 Italia Domenico Berardi
100%
33 Francia Grégoire Defrel
41%
24 Italia Matteo Politano
41%
32 Italia Francesco Caputo
38%
21 Italia Simone Zaza
38%
27 San Marino / Italia Andy Selva
10%
23 Ghana Richmond Boakye
10%
44 Italia Gaetano Masucci
7%
38 Italia Alessandro Noselli
3%
22 Italia Daniele Martinetti
3%
Nessun quiz corrispondente trovato
Distribuzione punteggi
Percentuale di utenti per punteggio
Percentile per numero di risposta
I tuoi punteggi nel tempo
Non hai fatto questo quiz